Normal view
MARC view
- Zeyuan, Zhuo
Entry Personal Name
001 - CONTROL NUMBER
- control field: 88740
003 - CONTROL NUMBER IDENTIFIER
- control field: NUST
005 - DATE AND TIME OF LATEST TRANSACTION
- control field: 20220203101235.0
008 - FIXED-LENGTH DATA ELEMENTS
- fixed length control field: 220203|| aca||aabn | a|a d
040 ## - CATALOGING SOURCE
- Original cataloging agency: NUST
- Transcribing agency: NUST
100 ## - HEADING--PERSONAL NAME
- Personal name: Zeyuan, Zhuo
670 ## - SOURCE DATA FOUND
- Source citation: Work cat.: (NUST): Zeyuan, Zhuo, Rule of Law in China, 2018
